Cette année-là: 1822 - Statistiques

Statistiques générales
  • Ce quiz a été pris 22 fois
  • Le résultat moyen est 4 sur 10
Statistiques - réponses
Indice Réponse % Correct
14 septembre: Je déchiffre une écriture ancienne et mystérieuse... Jean-François Champollion
73%
7 septembre: Date officielle retenue pour l'indépendance de ce pays Brésil
60%
1er décembre: Couronnement de cet empereur dans un Pays neuf Pierre Ier du Brésil
60%
J'obtiens la première image de la reproduction par la lumière. Joseph Nicéphore Niepce
53%
21 juillet: Un empereur est couronné dans ce pays Mexique
53%
13 janvier: L'indépendance de ce pays est proclamée Grèce
40%
Officier m'ennuyant en caserne, je rédige ma première oeuvre: "Poèmes" Alfred de Vigny
33%
20 octobre: Ce congrès dans une ville italienne aboutit à l'intervention de la France dans la guerre civile espagnole. Congrès de Vérone
27%
idem: Ville connue pour son théâtre où a été proclamée l'indépendance Epidaure
20%
26 janvier: Fils d'Alexandre, je renonce en secret à mes droits au trône. Constantin
13%
Aucun quiz correspondant
Distribution des résultats
% des personnes avec chaque résultat
Percentile par nombre de réponses
Votre historique - résultats
Vous n’avez pas pris ce quiz